Герои Олимпа. Кн. 5: Кровь Олимпа (Запись № 10647939)

Подробности
000 -МАРКЕР
контрольное поле 01220nam2a2200253 4500
001 - ИДЕНТИФИКАТОР ЗАПИСИ
контрольное поле RU\NLR\BIBL_A\010914609
005 - ИДЕНТИФИКАТОР ВЕРСИИ
контрольное поле 20250624201149.0
010 ## - МЕЖДУНАРОДНЫЙ СТАНДАРТНЫЙ НОМЕР КНИГИ (ISBN)
Номер (ISBN) 978-5-699-76135-7
Тираж 4000
021 ## - НОМЕР ГОСУДАРСТВЕННОЙ РЕГИСТРАЦИИ
Код страны Российская Федерация
Номер 2015-89235
Номер Листа государственной регистраци 5494
035 ## - ДРУГИЕ СИСТЕМНЫЕ НОМЕРА
Идентификатор записи (NLR Aleph) 010914609
100 ## - ДАННЫЕ ОБЩЕЙ ОБРАБОТКИ
Данные общей обработки 20151201d2016 |||y0rusy50 ca
101 0# - ЯЗЫК РЕСУРСА
Язык текста, звукозаписи и т.д. русский
102 ## - СТРАНА ПУБЛИКАЦИИ ИЛИ ПРОИЗВОДСТВА
Страна публикации Российская Федерация
105 ## - ПОЛЕ КОДИРОВАННЫХ ДАННЫХ: ТЕКСТОВЫЕ МАТЕРИАЛЫ, МОНОГРАФИЧЕСКИЕ
Кодированные данные о монографическом текстовом документе y z 000ay
200 1# - ЗАГЛАВИЕ И СВЕДЕНИЯ ОБ ОТВЕТСТВЕННОСТИ
Основное заглавие Кровь Олимпа
Первые сведения об ответственности [пер. с англ. Е. Ефимовой]
210 ## - ПУБЛИКАЦИЯ, РАСПРОСТРАНЕНИЕ И ДР.
Дата издания, распространения и т.д. 2016
-- [т. е. 2015]
Место издания, распространения и т.д. Б. м.
215 ## - ФИЗИЧЕСКАЯ ХАРАКТЕРИСТИКА
Специфическое обозначение материала и объем 509, [1] с.
300 ## - ОБЩИЕ ПРИМЕЧАНИЯ
Текст примечания Кн. фактически изд. в 2015 г.
461 #0 - УРОВЕНЬ НАБОРА
Встроенное поле 001RU\NLR\BIBL_A\010952009
-- 2001#$aГерои Олимпа$e[роман$eдля старшего школьного возраста]$fРик Риордан$g[пер. с англ.: А.В. Деминой]$vКн. 5
-- 700#1$aРиордан$bР.$f1964-$gРик$3RU\NLR\AUTH\77118226
Системный номер (АБИС) связанной записи 10781423
Автор Риордан, Р. (1964-)
Место публикации Москва
Дата публикации 2015
Первые сведения об ответственности Рик Риордан
Имя издателя, распространителя и т.д. Эксмо
Сведения, относящиеся к заглавию [роман : для старшего школьного возраста]
Заглавие Герои Олимпа
Номер тома Кн. 5
942 ## - ДОПОЛНИТЕЛЬНЫЕ ЭЛЕМЕНТЫ ЗАПИСИ (АБИС)
Тип экземпляра АБИС Книга
980 ## - КОЛЛЕКЦИЯ
Название коллекции Национальная библиография
Экземпляры
Тип экземпляра Дата поступления Источник поступления Стоимость Библиотека постоянного хранения Библиотека текущего хранения Место хранения Шифр хранения Штрих-код Статус экземпляра Публичное примечание
Книга 01.12.2015 Обязательный экземпляр 0.00 РНБ (Московский) РНБ (Московский) Русский книжный фонд: издания с 1957 года 2015-3/34383 1-1226756   Y
Книга 01.12.2015 Обязательный экземпляр 110.00 РНБ (Московский) РНБ (Московский) Обменный фонд   1-1226757   Y